[Event "Maarssen OKU op-B"]
[Site "Maarssen"]
[Date "2013.06.01"]
[Round "2"]
[White "Garcia Jorge, Jose Luis"]
[Black "Reichardt, Robin"]
[Result "1/2-1/2"]
[WhiteElo "1754"]
[BlackElo "1437"]
[PlyCount "89"]
[EventDate "2013.05.31"]
[EventType "swiss"]
[EventRounds "6"]
[EventCountry "NED"]
[SourceTitle "EXT 2015"]
[Source "ChessBase"]
[SourceDate "2014.11.20"]
[SourceVersion "1"]
[SourceVersionDate "2014.11.20"]
[SourceQuality "1"]

1. e4 e6 2. d4 d5 3. exd5 exd5 4. Bd3 Nf6 5. h3 Nc6 6. Nf3 Bd6 7. 0-0 0-0 8. Bg5 Re8 9. Nbd2 b6 10. c3 Bb7 11. Re1 h6 12. Rxe8+ Qxe8 13. Bxf6 gxf6 14. Qe1 Ne7 15. Qe3 Qf8 16. Nh4 Re8 17. Qf3 Qg7 18. Re1 Kf8 19. Bb5 c6 20. Bd3 Bc8 21. Nf1 Qg5 22. g3 Bxh3 23. Ne3 Bd7 24. Nef5 Nxf5 25. Rxe8+ Kxe8 26. Nxf5 Bxf5 27. Qxf5 Qxf5 28. Bxf5 c5 29. dxc5 bxc5 30. Kg2 Kf8 31. Kf3 Be5 32. Ke3 d4+ 33. Kd3 dxc3 34. bxc3 Ke7 35. Kc4 Kd8 36. f4 Bd6 37. Kd5 Bc7 38. Kxc5 Bb6+ 39. Kd5 Bf2 40. Ke4 Bxg3 41. Kf3 Be1 42. c4 h5 43. Be4 Kd7 44. Bd5 Ke7 45. f5 1/2-1/2

[Event "Gran Canaria op 3rd"]
[Site "Gran Canaria"]
[Date "2009.07.17"]
[Round "5"]
[White "Trujillo Alvarado, Ivan"]
[Black "Garcia Jorge, Jose Luis"]
[Result "1-0"]
[WhiteElo "2167"]
[BlackElo "1855"]
[PlyCount "99"]
[EventDate "2009.07.13"]
[EventType "swiss"]
[EventRounds "7"]
[EventCountry "ESP"]
[SourceTitle "CBM 131 Extra"]
[Source "ChessBase"]
[SourceDate "2009.09.03"]
[SourceVersion "2"]
[SourceVersionDate "2009.09.16"]
[SourceQuality "1"]

1. d4 Nf6 2. c4 c5 3. d5 b5 4. cxb5 a6 5. bxa6 g6 6. Nc3 Bxa6 7. g3 Bg7 8. Bg2 d6 9. Rb1 Nbd7 10. b3 0-0 11. Nh3 Qa5 12. Bd2 Qc7 13. 0-0 Rfb8 14. a4 Rb7 15. Qc2 Ng4 16. Rfe1 Rab8 17. Na2 Nh6 18. Nf4 Nf5 19. e3 Ne5 20. Bc3 Ra7 21. Rec1 Rc8 22. Be4 Nh6 23. Qd1 Qd7 24. Bg2 Nhg4 25. Bh3 f5 26. Ba1 Bf6 27. Nc3 Kf7 28. e4 Rh8 29. exf5 gxf5 30. Bg2 Bg5 31. Nce2 h5 32. h4 Bf6 33. Qd2 c4 34. f3 Raa8 35. fxg4 Nxg4 36. Bxf6 exf6 37. Ne6 c3 38. Nxc3 Qa7+ 39. Qd4 Qxd4+ 40. Nxd4 Bd3 41. Rb2 Ne3 42. Rd2 Ba6 43. Ncb5 Kg6 44. Nxd6 Rhd8 45. N6xf5 Nxg2 46. Kxg2 Bb7 47. Ne7+ Kg7 48. Ne6+ Kf7 49. Nxd8+ Rxd8 50. Rc7 1-0

[Event "El Sauzal op 9th"]
[Site "El Sauzal"]
[Date "2008.11.01"]
[Round "2"]
[White "Garcia Jorge, Jose Luis"]
[Black "Hoffman, Alejandro"]
[Result "0-1"]
[WhiteElo "1874"]
[BlackElo "2425"]
[PlyCount "61"]
[EventDate "2008.11.01"]
[EventType "swiss (rapid)"]
[EventRounds "9"]
[EventCountry "ESP"]
[SourceTitle "CBM 127 Extra"]
[Source "ChessBase"]
[SourceDate "2009.01.08"]
[SourceVersion "2"]
[SourceVersionDate "2009.01.28"]
[SourceQuality "1"]

1. Nf3 g6 2. g3 Bg7 3. Bg2 d5 4. d3 e5 5. Nbd2 Ne7 6. 0-0 0-0 7. e4 h6 8. Re1 d4 9. Nf1 c5 10. c3 Nbc6 11. Qc2 Be6 12. Bd2 Rc8 13. c4 Qd7 14. Qa4 g5 15. h4 g4 16. N3h2 h5 17. a3 a5 18. b4 axb4 19. axb4 cxb4 20. Qb5 Rc7 21. Bxb4 Nxb4 22. Qxb4 Bh6 23. Ra2 Nc6 24. Qb6 Nb8 25. Ra7 Na6 26. Rd1 Nc5 27. Ra2 Rb8 28. f3 Rc6 29. Qb5 Qc7 30. fxg4 hxg4 31. Rf2 0-1

[Event "La Palma op rap"]
[Site "Brena Baja"]
[Date "2005.06.12"]
[Round "1"]
[White "Khenkin, Igor"]
[Black "Garcia Jorge, Jose Luis"]
[Result "1-0"]
[WhiteElo "2610"]
[BlackElo "2067"]
[PlyCount "41"]
[EventDate "2005.06.12"]
[EventType "swiss (rapid)"]
[EventRounds "9"]
[EventCountry "ESP"]
[SourceTitle "CBM 106 Extra"]
[Source "ChessBase"]
[SourceDate "2005.07.01"]
[SourceVersion "1"]
[SourceVersionDate "2005.07.01"]
[SourceQuality "1"]

1. d4 Nf6 2. c4 g6 3. Nc3 Bg7 4. e4 d6 5. f3 0-0 6. Nge2 e5 7. Bg5 h6 8. Be3 Nbd7 9. Qd2 Kh7 10. d5 g5 11. g4 Nb6 12. Ng3 c5 13. h4 gxh4 14. Nf5 Bxf5 15. exf5 Rh8 16. Rxh4 Nfxd5 17. Bg5 Nf4 18. Bxd8 Raxd8 19. g5 h5 20. f6 Bf8 21. Qd1 1-0

[Event "Isla de La Palma U2300 op"]
[Site "Isla de la Palma"]
[Date "2005.06.04"]
[Round "2.4"]
[White "Garcia Jorge, Jose Luis"]
[Black "Pinto Henriquez, Rodrigo"]
[Result "0-1"]
[WhiteElo "2067"]
[BlackElo "2221"]
[PlyCount "44"]
[EventDate "2005.06.03"]
[EventType "swiss"]
[EventRounds "9"]
[EventCountry "ESP"]
[SourceTitle "EXT 2024"]
[Source "ChessBase"]
[SourceDate "2023.10.10"]
[SourceVersion "1"]
[SourceVersionDate "2023.10.10"]
[SourceQuality "1"]

1. e4 e5 2. f4 exf4 3. Nf3 g5 4. Bc4 Bg7 5. 0-0 Nh6 6. d4 0-0 7. c3 d6 8. Qb3 Nc6 9. Bd3 Kh8 10. Na3 a6 11. Bd2 b5 12. Qd5 g4 13. Qxc6 Bd7 14. Qd5 gxf3 15. Rxf3 Be6 16. Qc6 Ng8 17. e5 dxe5 18. Qc5 Qd6 19. Qxd6 cxd6 20. dxe5 dxe5 21. Re1 Rad8 22. Bc1 Bg4 0-1